000 02013nam a2200277 a 4500
008 130418s2007 ||||||||||||||||| || u
020 _a9780194398695
050 _aPE 1628 Oxf
100 _aWaters, Alison
245 1 0 _aOxford student's dictionary: for learners using english to study other subjects
_cedited by Alison Waters and Victoria Bull
260 _aOxford:
_bOxford University Press
_c2007
300 _ax, 806p.: ill.
650 _aENGLISH--DICTIONARIES
650 0 _aENGLISH LANGUAGE--DICTIONARIES
700 _aBull, Victoria
995 _FCBU-MAIN LIBRARY (Kitwe)
_M7
_UREFERENCE
_WJun 11, 2013
_ZReference Collection
995 _FCBU-SCHOOL OF MEDICINE LIBRARY (Ndola)
_M2
_UAVAILABLE
_WJun 11, 2013
_ZReference Collection
995 _FCBU-MAIN LIBRARY (Kitwe)
_M9
_UREFERENCE
_WJun 11, 2013
_ZReference Collection
995 _FCBU-MAIN LIBRARY (Kitwe)
_M5
_UREFERENCE
_WJun 11, 2013
_ZReference Collection
995 _FCBU-MAIN LIBRARY (Kitwe)
_M6
_UREFERENCE
_WJun 11, 2013
_ZReference Collection
995 _FCBU-SCHOOL OF MEDICINE LIBRARY (Ndola)
_M10
_UAVAILABLE
_WJun 11, 2013
_ZReference Collection
995 _FCBU-SCHOOL OF MEDICINE LIBRARY (Ndola)
_M3
_UAVAILABLE
_WJun 11, 2013
_ZReference Collection
995 _FCBU-MAIN LIBRARY (Kitwe)
_M4
_UREFERENCE
_WJun 11, 2013
_ZReference Collection
995 _FCBU-SCHOOL OF MEDICINE LIBRARY (Ndola)
_M1
_UAVAILABLE
_WJun 11, 2013
_ZReference Collection
995 _FCBU-MAIN LIBRARY (Kitwe)
_M8
_UREFERENCE
_WJun 11, 2013
_ZReference Collection
999 _c81723
_d81723